NOVÉ PŘÍSTUPY V ŘÍZENÍ PODNIKŮ AGRÁRNÍHO SEKTORU PRO TRVALE UDRŽITELNÝ ROZVOJ

Bibliographic Details
Main Authors: Svoboda, Emil (Author), Bittner, Libor (Author)
Format: Article
Language:Czech

MARC

LEADER 00000naa a2200000uu 4500
001 vtls011054462
003 SK-MaSNL
005 20260302115353.0
008 220810|2001 xo |||||||||||||||||cze|
015 |a SNBRA 
035 |a (urnnbn)urn:nbn:sk:snk:ar-a0bxfl 
035 |a (uuid)5a23cadd-1e5e-4936-b6ab-474c74df43a8 
035 |a urn:nbn:sk:snk-aav44k 
040 |a SNKBUCL  |b slo  |c SNKBUCL  |e AACR2 
041 0 |a cze 
044 |a xo  |c SK 
100 1 |a Svoboda, Emil  |4 aut  |9 386864 
245 1 0 |a NOVÉ PŘÍSTUPY V ŘÍZENÍ PODNIKŮ AGRÁRNÍHO SEKTORU PRO TRVALE UDRŽITELNÝ ROZVOJ  |c Emil Svoboda, Libor Bittner 
246 3 |a NEW ADDMISSION TO THE MANAGEMENT OF ENTERPRISES OF AGRARIAN SECTORS IN CONDITION OF SUSTAINABLE GROWTH 
700 1 |a Bittner, Libor  |4 aut  |9 644968 
773 0 |t Zborník vedeckých prác z Medzinárodných vedeckých dní 2001  |d V Nitre : Slovenská poľnohospodárska univerzita, 2001  |g S. 169-173  |z 8071379700 
954 |a odborná, vedecká literatúra cudzojazyčná (svetová)  |2 lita 
958 |a OND 
958 |a article12 
958 |a chapter 
999 |c 1264310  |d 1266240